000 00745nam a2200193 i 4500
001 36138
003 ES-MaACL
007 t|
008 030217s1954 sp ||||1| spa d
100 1 _aBretingniere, L.
_931623
245 1 0 _aEnsilado de los forrajes verdes /
_cL. Bretingniere, J. Godfernaux y L. der Khatchadourian ; traducción del francés por Andrés Suárez y Suárez ; con un prólogo de Gaspar González y González.
260 _aMadrid :
_bAguilar,
_c[1954] (
_fYagüe)
300 _aXXXV, 165 p. :
_bil. ;
_c19 cm.
700 1 _aGodfernaux, J.
_957523
700 1 _aKhatchadourian, L. der.
_967988
700 1 _aSuárez y Suárez, Andrés.
_9108667
700 1 _aGonzález y González, Gaspar.
_959033
852 _aES-MaACL
_jC-8473
999 _c36138
_d36138